000 00702nam a22002417a 4500
003 UA-OsUOA
001 113649
007 ta
008 20150922b un ||||| |||| 00| 0 ukr d
100 _aКириленко І.Г.
700 _aІвченко В.Є.
700 _aДем'янчук В.В.
090 _a330(477)
_bК43
942 _cSA
040 _aUA-OsUOA
_bukr
_cUA-OsUOA
_dUA-OsUOA
245 _aСтруктурні реформи в аграрному секторі України
300 _aС.15-30
955 _a0
041 _aukr
080 _a330(477)
773 0 _w113648
_tЕкономіка АПК
_dК.
_d2015
_g9
650 7 _a330 Економіка взагалі
_2UDC
999 _c399693
_d399693